02071cam a22005174i 4500003000900000005001700009008004100026020001500067020001800082035002000100040003300120082002100153082001600174100004300190245012900233250002300362264003600385300005900421336002100480337002500501338002300526504003900549504003300588505064800621526001001269526001001279526000901289526000901298526000901307526000901316526000901325526000901334526000901343526000801352526000801360526000801368526000801376526000801384541001801392541001801410541001701428541001801445541001601463650003401479650004001513PE-LiUPU20250731165450.0170614s2017 mx a rb 001 0 esp d a6071513952 a9786071513953 a(Sirsi) a204373 aPE-LiUPUbspacPE-LiUPUerda04a001.42bH43 201704a001.42bH451 aHernández Sampieri, Roberto,eautor.10aFundamentos de investigación /cHernández Sampieri, Méndez Valencia Sergio, Mendoza Torres Christian, Cuevas Romo Ana. aPrimera edición. 1aMéxico :bMcGraw Hill,c2017. axiii, 265 páginas :bilustraciones ;c27 centimetros atext2rdacontent aunmediated2rdamedia avolume2rdacarrier aBibliografía: páginas 249-257. aÍndice: páginas 258-265.0 aEl papel de la investigación en el desarrollo profesional -- La investigación científica y el desarrollo tecnológico -- La idea. El nacimiento de un proyecto de investigación -- El planeamiento del problema de investigación: objetivos y preguntas de investigación, justificación y viabilidad del estudio -- Elaboración del marco teórico -- Definición del alcance de la investigación y formulación de la hipótesis del estudio -- Concepción o elección del diseño de investigación -- Selección de la muestra -- Recolección de los datos -- Análisis de los datos -- Elaboración del reporte de resultados. aSEG44 aSEG26 aP151 aP150 aP149 aP146 aP145 aP126 aP125 aP92 aP75 aP74 aP27 aP15 g0020-0002468; g0020-0002810; g048-0005609; g002-00000373; g004-000262;07aInvestigación científica.04aCiencias socialesxInvestigación.